| 000 | 00576cam a2200145 4500500 | ||
|---|---|---|---|
| 005 | 20260208005243.0 | ||
| 041 | _afre | ||
| 042 | _adc | ||
| 100 | 1 | 0 |
_aCochet, François _eauthor |
| 245 | 0 | 0 | _aNicolas Beaupré, Écrire en guerre, écrire la guerre. France, Allemagne, 1914-1920, Paris, CNRS Éditions, 2006, 292 p. (préface d’Annette Becker). |
| 260 | _c2007. | ||
| 500 | _a43 | ||
| 786 | 0 | _nRevue historique | 642 | 2 | 2007-06-01 | p. 379zr-501zr | 0035-3264 | |
| 856 | 4 | 1 | _uhttps://shs.cairn.info/revue-historique-2007-2-page-379zr?lang=fr&redirect-ssocas=7080 |
| 999 |
_c1651285 _d1651285 |
||